| 000 | 00000nas 2200000za 4500 |
| 001 | 9.830887 |
| 003 | CaOODSP |
| 005 | 20221107145629 |
| 007 | cr ||||||||||| |
| 008 | 170119d19601980oncar p oss f0###a0eng|d |
| 022 | |y0527-5741 |
| 040 | |aCaOODSP|beng |
| 041 | |aeng|afre |
| 043 | |an-cn--- |
| 086 | 1 |aCS42-212-PDF |
| 245 | 00|aMiscellaneous vehicle manufacturers |h[electronic resource]. |
| 246 | 13|aManufacturiers de véhicules divers|f1968-1969 |
| 246 | 13|aFabricants de véhicules divers|f1970-1980 |
| 260 | |a[Ottawa] : |bDominion Bureau of Statistics, Industry and Merchandising Division, |c1963-1982. |
| 310 | |aAnnual |
| 362 | 0 |a1960-1980. |
| 500 | |aDigitized edition from print [produced by Statistics Canada]. |
| 520 | |a"This industry includes establishments primarily engaged in manufacturing trans-portation equipment not elsewhere clas-sified, such as snowmobiles, all terrain vehicles and animal-drawn vehicles, including sleighs, as well as parts for these vehicles"--Introduction, 1982. |
| 546 | |aText in English only, 1960-1967; text in English and French, 1968-1980. |
| 550 | |aIssued 1962-1964 by Industry Division; 1965-1969 by Manufacturing and Primary Industries Division; 1970-1978 by Statistics Canada, Manufacturing and Primary Industries Division; 1979-1980 by Machinery, Wood and Metal Products Section. |
| 580 | |aMerged with: Motor vehicle manufacturers (Statistics Canada : Final), to become: Motor vehicle industries. |
| 692 | 07|2gccst|aTransport |
| 692 | 07|2gccst|aManufacturing industry |
| 710 | 1 |aCanada. |bDominion Bureau of Statistics. |bIndustry and Merchandising Division. |
| 710 | 1 |aCanada. |bDominion Bureau of Statistics. |bManufacturing and Primary Industries Division. |
| 710 | 1 |aCanada. |bStatistics Canada. |bIndustry Division. |
| 710 | 1 |aCanada. |bStatistics Canada. |bMachinery, Wood and Metal Products Section. |
| 710 | 1 |aCanada. |bStatistics Canada. |bManufacturing and Primary Industries Division. |
| 780 | 00|tThe miscellaneous transportation equipment industry |w(CaOODSP)9.830884 |
| 785 | 00|tMotor vehicle industries |w(CaOODSP)9.831506 |
| 792 | |tMiscellaneous vehicle manufacturers |efre|w(CaOODSP)9.830890 |